[Event "Oregon Closed Championship"]
[Site "Portland, OR"]
[Date "2022.07.16"]
[Round "2"]
[White "Raptis, Nick"]
[Black "Zavortink, Matt"]
[Result "1-0"]
[WhiteElo "2366"]
[BlackElo "2303"]
[Annotator "Wilson Gibbins"]
[PlyCount "75"]
[EventDate "2022.07.15"]
[EventType "tourn"]
[EventRounds "8"]
[EventCountry "USA"]

{[%evp 0,75,13,17,27,0,-3,-17,-20,-27,-6,-4,15,5,5,-29,-14,-58,-50,-64,25,-55,
-39,-50,-31,-50,-32,-77,-63,-76,-65,-85,-78,-91,-45,-46,-46,-240,-38,-70,-25,
-43,86,14,69,58,54,54,148,130,72,112,29,5,0,-2,2,-31,58,0,-19,-9,39,44,98,89,
112,143,174,276,273,34,192,273,273,273,547,570]} 1. Nf3 d5 {Same first two
moves as last year, but this year Nick has White. Let us see how the players
reinterpret this opening.} 2. c4 {Nick is a little more direct.} ({Matt played
} 2. g3 Nf6 3. Bg2 c6 4. c4 dxc4 5. O-O) 2... e6 3. g3 Nf6 4. Bg2 d4 5. O-O c5
6. d3 Nc6 7. e4 {Nick transposes into a King's Indian reversed, which will
give him no objective advantage but plenty of opportunity to unleash chaos.} ({
I once believed that White should have a huge advantage by aiming for a
reversed Benoni two moves up, but a young Wesley So barely worked up a sweat
proving me wrong. This this game was played during one of his early visits to
Minnesota which must have made a good impression on him, as he ended up moving
there permanently. This game was played in September - if he had visited in
January, he might have chosen differently.} 7. e3 Bd6 8. exd4 cxd4 9. Bg5 h6
10. Bxf6 Qxf6 11. Nbd2 Qd8 12. a3 a5 13. Qa4 Bd7 14. Ne4 Be7 15. c5 e5 16. Rfe1
O-O 17. Qc4 $6 Be6 18. Qb5 a4 19. Qxb7 Bd5 20. Rac1 $2 Ra7 21. Qb6 Qa8 $1 22.
Nxe5 Nxe5 23. Nf6+ Bxf6 24. Bxd5 Qxd5 25. Rxe5 Qb7 26. Qxb7 Rxb7 27. Re2 Rc8
28. c6 Rbc7 29. Rec2 Kf8 30. Rc4 Ke7 31. Rxa4 Rxc6 32. Ra7+ Kd6 33. Rxc6+ Rxc6
34. Rxf7 Rb6 35. a4 Rxb2 36. a5 Ra2 37. Ra7 Ra3 {0-1 (37) Gibbins,W-So,W 2013
Noel Skelton Open 2013}) 7... Be7 ({Engines prefer to try to stop White from
advancing his pawn to e5 with} 7... e5 $15) 8. Ne1 {Nick prefers a more
traditional King's Indian approach of keeping the position closed to allow a
kingside pawn advance. Lots of good, traditional values here in Oregon Chess.}
({From an historical perspective, I wish Nick would have played} 8. Nh4 {
to honor the move 11...Nh5!? played on July 16, 1972 by Bobby Fischer against
Boris Spassky in game 3 of their World Championship match, exactly 50 years
before this game was played.}) 8... O-O 9. f4 Rb8 10. h3 ({Nick continues to
avoid the engine-recommended} 10. e5 {and continues to avoid developing his
pieces. Will the chess gods punish him? If you read the tournament report, you
already know the answer.}) 10... Nd7 11. Nf3 Qc7 12. g4 b5 13. b3 bxc4 14. bxc4
f6 15. h4 Bd6 16. Ne1 Nb6 17. g5 Bd7 18. Rf2 Ne7 19. h5 e5 $2 {Up until now
Stockfish has been impressed with Black's position, but this space-grabbing
move gets us back to equality. Who says chess is logical? Well, authors Irving
Chernev and Erik Kislik, but other than that?} (19... Na4 $17 {says Stockfish,
but this is still a King's Indian, and White will continue to have chances
against Black's king.}) 20. f5 Na4 $6 (20... fxg5 21. Bxg5 h6 {looks like you
are accelerating White's attack. But Stockfish says Black has equality, as he
has sufficient room to defend. Maybe Matt wanted to avoid reminding Nick that
he could develop his queenside pieces? ☺}) 21. h6 $14 gxh6 22. gxf6 Rxf6 23.
Qh5 Kg7 (23... Kh8 24. Bxh6 Ng8 $14) 24. Bxh6+ $6 {tricky, but not best. Less
forcing moves retain an advantage for White.} Rxh6 25. Qg5+ Rg6 26. fxg6 Nxg6
27. Nf3 ({Stockfish recommends bailing out with a draw by repetition with} 27.
Qf6+ Kg8 28. Qf7+ {But one can't expect Nick to head for a draw when he up an
exchange for a pawn.}) 27... Rf8 28. Nbd2 {Nick develops a queenside piece!
But with two bishops, an extra pawn, and a lot of space, Black has more than
enough for the exchange.} Be7 29. Qg3 Nb2 30. Bf1 Kh8 $2 (30... Rf4 $1 31. Qh2
Rg4+ {is unclear}) 31. Rg2 {And suddenly Stockfish prefers White again. White
can make attacking moves on the kingside with his knights while uncovering an
attack on Black's loose knight on b2. Even with a space disadvantage, White is
playing on both sides of the board.} Bf6 32. Ng5 $1 Rg8 33. Ndf3 Rg7 (33... Na4
{trying to save the knight fails} 34. Nxe5 $1 Bxe5 35. Nf7+ Kg7 36. Nxe5 $18)
34. Rxb2 $18 {Black's 29...Nb2 wasn't a mistake, but the loose piece required
him to play very accurately to stay in the game.} Nf4 35. Kh1 Qd8 36. Rab1 Bc8
37. Rb8 h6 38. Qh2 1-0

[Event "Oregon Closed Championship"]
[Site "Portland, OR"]
[Date "2022.07.16"]
[Round "2"]
[White "Cigan, Jason"]
[Black "Richardson, Ryan"]
[Result "1-0"]
[WhiteElo "2169"]
[BlackElo "2045"]
[Annotator "Wilson Gibbins"]
[PlyCount "63"]
[EventDate "2022.07.15"]
[EventType "tourn"]
[EventRounds "8"]
[EventCountry "USA"]

{[%evp 0,63,18,8,48,37,85,57,57,36,36,27,45,38,23,47,41,40,31,12,18,10,-5,-3,5,
-2,25,2,23,13,6,5,11,11,24,36,43,6,8,-36,142,69,181,225,226,158,142,132,77,78,
77,75,91,91,91,68,127,129,158,158,166,147,147,153,525,533]} {A game that
exemplifies Jason's play in the tournament. He chooses a theoretically
critical opening, exploiting White's built-in initiative instead of just
deferring the battle to the middlegame. He invites a double-edged battle of
attacks on the wings. Finally, he is able to foresee the tactical finesses
required by this style of chess.} 1. e4 c5 2. Nf3 d6 3. d4 cxd4 4. Nxd4 Nf6 5.
Nc3 a6 6. f3 e5 7. Nb3 Be6 8. Be3 Nbd7 9. g4 $1 {The only move in my database
that gives White a plus score.} Nb6 10. g5 Nfd7 ({The decentralizing} 10... Nh5
{is more popular and scores better.}) 11. Qd2 Be7 12. O-O-O Rc8 13. h4 $16 {
White and Black have both been playing normal, logical moves, but the engines
say White stands a lot better. Maybe not quite winning, but Jason is
comfortable in these tactical positions, as you are about to see.} Qc7 14. Qf2
Nc4 15. Bxc4 Bxc4 16. Kb1 b5 17. f4 a5 18. fxe5 dxe5 19. h5 O-O $2 {Allowing
White to win a pawn, as Black's king was responsible for defending the knight
on d7. Perhaps Black sacrificed the pawn, as it seemed less relevant than
leaving his king in the center.} (19... a4 {is Black's best try. White stands
better, but with both kings under fire, anything can happen.}) 20. Nxa5 ({
The engine prefers interpolating} 20. h6 g6 21. Nxa5) 20... Qxa5 21. Rxd7 {
This doesn't look so bad for Black, as he is only a pawn down and has two
bishops plus what appears to be a fast moving attack on White's king.} Ra8 {
Ryan finds Black's best try, but Jason has things tactically under control.} ({
If Black tries to save his bishop with} 21... Rfe8 {then} 22. Ra7 Qb4 23. h6 g6
24. a3 Qd6 25. Rd1 Qe6 26. Nd5 {gives White an overwhelming position. I
wouldn't resign Black's position, but Stockfish might.}) 22. Rxe7 b4 23. Bb6
Qa6 24. b3 bxc3 25. a4 Rfb8 26. a5 (26. Rc7 {is a little better, but Jason's
move more than gets the job done.}) 26... Qb5 27. Qc5 Qxc5 (27... Rxa5 28. Qxb5
Rxb5 29. Bc7 $1 Rc8 30. Rh3 $16 {removes the pawn from c3, and with it all of
Black's hopes and dreams.}) 28. Bxc5 Rxa5 29. Bb4 $1 $18 {Jason must have
foreseen this move to enter this line, as all other moves lose for White.} Rab5
(29... Rxb4 30. Re8#) 30. Bxc3 Be6 31. Rf1 Kf8 $2 {But White is winning after
other moves too.} 32. Rxe6 1-0

[Event "Oregon Closed Challengers"]
[Site "Portland, OR"]
[Date "2022.07.16"]
[Round "2"]
[White "Kodarapu, Ishaan"]
[Black "Murray, David"]
[Result "1-0"]
[WhiteElo "1895"]
[BlackElo "1788"]
[Annotator "Wilson Gibbins"]
[PlyCount "39"]
[EventDate "2022.07.15"]
[EventType "tourn"]
[EventRounds "8"]
[EventCountry "USA"]

{[%evp 0,39,18,-27,6,6,6,6,0,-23,19,10,18,12,24,19,12,27,26,22,33,25,33,33,33,
41,49,39,-4,0,2,-44,152,152,147,150,165,165,165,165,277,277]} {After losing
his first round, Ishaan gets back on the winning track in round 2 to start his
run to a tie for first place.} 1. c4 e6 2. Nf3 d5 3. e3 Nf6 4. b3 Nbd7 5. Bb2
Bd6 6. Nc3 O-O 7. Qc2 a6 8. Be2 ({Leela's first suggestion is} 8. Rg1 $140 $5
Z0 {with the idea of attacking with} 9. g4 {This is probably due to the
influence of some anti-Slav lines in repertoire books like "The Modern Reti -
An Anti-Slav Repertoire." But if Leela is getting advice from repertoire books,
that means she can read! The singularity is near.}) 8... dxc4 9. bxc4 e5 10.
O-O Re8 11. d4 exd4 12. exd4 c5 13. Rad1 cxd4 14. Nxd4 Qc7 15. h3 Ne5 $2 {
This move blocks the bishop from moving to h2. This bishop needs this resource
so it can escape from the attack of a White knight on b5 with check, giving
the queen time to retreat.} (15... Nb6 {Prevents the combination we will see
in the game. But the following line is difficult to see through to the end.}
16. Ndb5 $2 axb5 17. Nxb5 Bh2+ 18. Kh1 Qf4 19. Bxf6 Bxh3 20. gxh3 Qxf6 21. Kxh2
Qe5+ 22. Kg2 Qxe2) 16. Ndb5 $1 axb5 17. Nxb5 Qa5 18. Nxd6 Re6 19. c5 Nfd7 $2 {
loses a piece, but White is much better in any case.} 20. f4 {if 20...Nc6, 21.
Nxc8 Rxc8 22.Rxd7} 1-0

[Event "Oregon Closed Challengers"]
[Site "Portland, OR"]
[Date "2022.07.16"]
[Round "2"]
[White "Houston, Noah"]
[Black "Waterman, Jeremy"]
[Result "0-1"]
[WhiteElo "1696"]
[BlackElo "1910"]
[Annotator "Wilson Gibbins"]
[PlyCount "56"]
[EventDate "2022.07.15"]
[EventType "tourn"]
[EventRounds "8"]
[EventCountry "USA"]

{[%evp 0,56,25,-11,-30,-51,16,2,9,-2,-2,-7,3,-23,5,-60,-9,45,39,-21,83,54,70,
30,29,21,17,20,14,4,29,-11,-76,-77,-29,-119,-138,-131,-118,-107,-117,-141,-183,
-162,-86,-111,-118,-118,-156,-368,-54,-109,-99,-88,-97,-150,-103,-795,-795]} 1.
c4 e5 2. g3 c6 3. d4 e4 4. Nc3 d5 {Jeremy's ambitious opening play is rewarded
with a quick win.} 5. Bg2 Nf6 6. Bg5 Be7 7. Qb3 Nbd7 (7... dxc4 8. Qxc4 Be6 9.
Qa4 Qb6) 8. cxd5 cxd5 9. f3 {A logical attempt to chip away at Black's center,
like what Black might try in the French Defense.} (9. Nh3 {is White's other
approach when Black tries to claim the center like this.} Z0 10. Nf4 {will put
a lot of pressure on Black's d-pawn.}) 9... exf3 10. Nxf3 h6 11. Bd2 Nb6 12.
Ne5 O-O 13. O-O Be6 14. Be1 Bd6 $15 15. a4 $2 Bxe5 $1 16. dxe5 Ng4 (16... d4 {
is also strong.}) 17. Qb5 $2 {White wants to get his queen out of the line of
fire from Black's bishop on e6, but to mix metaphors, the queen should
continue to sit under the sword of Damocles and defend the e3 square from
invasion.} (17. Nb5) 17... Ne3 $1 18. Rf2 Nxg2 19. Kxg2 Nc4 20. Nd1 d4 21. Kg1
a6 22. Qxb7 Bd5 23. Qb4 Qc7 24. Rc1 Rab8 (24... Qxe5 25. Rxc4 Qe4 26. Rf3 Qxe2)
(24... Rfc8) 25. Qa3 (25. Qd6 $1 $17 {is best, but Black is still much better.}
) 25... Qxe5 26. Qd3 Nxb2 27. Nxb2 Rxb2 28. Qxa6 $2 Qe4 0-1

[Event "Oregon Closed Challengers"]
[Site "Portland, OR"]
[Date "2022.07.16"]
[Round "3"]
[White "Sherrard, Jerry"]
[Black "Waterman, Jeremy"]
[Result "0-1"]
[WhiteElo "1970"]
[BlackElo "1910"]
[Annotator "Wilson Gibbins"]
[PlyCount "90"]
[EventDate "2022.07.15"]
[EventType "tourn"]
[EventRounds "8"]
[EventCountry "USA"]

{[%evp 0,90,30,12,44,42,41,43,43,47,80,65,84,70,54,54,75,46,66,25,32,20,46,49,
43,28,20,-10,21,21,2,1,43,-30,-21,-37,-37,-39,-30,-112,24,9,10,-27,-11,-87,-87,
-90,31,12,35,19,36,36,110,98,117,86,114,146,146,0,138,42,86,32,183,-127,-278,
-259,-312,-119,-119,-446,-446,-1096,-1461,-1773,-1847,-1888,-326,-309,-233,
-227,-231,-234,-256,-309,-315,-308,-319,-491,-534]} {This game got Jeremy to
3-0 and an early lead in the Challengers section.} 1. e4 c5 2. Nf3 e6 3. d4
cxd4 4. Nxd4 a6 5. Nc3 b5 6. Be3 Bb7 7. f3 Qc7 8. Qd2 Nc6 9. Nb3 Nf6 10. Nc5
Ne5 11. Nxb7 Qxb7 {White has traded his development advantage for the two
bishops, which doesn't seem to be worth a lot in this position. White may be
able to castle kingside safely, but White castling queenside or Black castling
either way feels like castling into the attack.} 12. Qd4 Nc6 13. Qd3 Ne5 14.
Qd4 Nc6 15. Qd2 Ne5 16. b3 Rc8 17. Bd4 Qc7 18. Nd1 Nc6 19. Bf2 Bb4 ({Stockfish
likes} 19... d5 {the standard Sicilian pawn break to open the center in spite
of the fact that Black is a few moves away from castling. Stockfish is so
brave.  Jeremy's approach is to soften up White's pawn structure a little bit
and then use piece play to harass White's king.}) 20. c3 Bd6 21. g3 h5 22. Qe3
h4 23. Rg1 Nh5 24. f4 e5 25. f5 hxg3 26. hxg3 Nb4 $5 {I wanted to label this
"?!", but as this sacrifice creates too many problems to solve over the board,
I promoted it to "!?". Black is objectively better if he does not sacrifice,
objectively worse if he does, but the course Jeremy takes is much more
entertaining for all involved, with the possible exception of Jerry. The
resulting position will be very difficult to play accurately, but Jeremy does
a better job of making the most of his opportunities.} 27. cxb4 Bxb4+ 28. Ke2
Nf6 29. Kf3 $14 (29. a3 $16 {is most accurate, and White is better, but his
defensive challenges persist.}) 29... d5 $1 30. exd5 $11 (30. Bd3 $1 $14) 30...
Rh2 {Approved for equality by Stockfish.} ({Also approved are} 30... e4+) (
30... Qd6) ({and surprisingly} 30... Kd7) 31. Bd3 Nxd5 $6 (31... Qd6) 32. Qe4
$11 (32. Qa7 $14) 32... Qd6 $2 (32... Rd8 $11) 33. a4 $2 (33. Bd4 $1 $18) 33...
Nf6 $1 {And despite still being a piece down, Black's advantage is
overwhelming. All his pieces are working, and White's are not.} 34. Qe2 Qd5+
35. Be4 Qxb3+ 36. Qd3 Nxe4 $1 37. Kxe4 (37. Qxb3 Nd2+) 37... Rc4+ $1 38. Ke3
Bc5+ $1 39. Ke2 Qxd3+ (39... Rc2+ {wins a little faster, but in a game like
this one might want to prolong the enjoyment.}) 40. Kxd3 Bxf2 41. Nxf2 Rxf2 42.
axb5 axb5 43. Ra7 e4+ 44. Ke3 Rf3+ 45. Kd2 Rd3+ 0-1

[Event "Oregon Closed Challengers"]
[Site "Portland, OR"]
[Date "2022.07.17"]
[Round "4"]
[White "Waterman, Jeremy"]
[Black "Murray, David"]
[Result "0-1"]
[WhiteElo "1910"]
[BlackElo "1788"]
[Annotator "Wilson Gibbins"]
[PlyCount "45"]
[EventDate "2022.07.15"]
[EventType "tourn"]
[EventRounds "8"]
[EventCountry "USA"]

1. e4 c6 2. Nc3 d5 3. Nf3 dxe4 4. Nxe4 Nf6 5. Qe2 ({I thought the only
legitimate move was} 5. Nxf6+ exf6 6. d4 {transposing into normal lines, but 5.
Qe2 is actually quite popular and preferred by Stockfish.}) 5... Nxe4 ({
Perhaps Jeremy was hoping for} 5... Nbd7 $2 6. Nd6# {1-0 (6) Keres,
P-Arlamowski,E Szczawno Zdroj 1950}) 6. Qxe4 Nd7 7. d4 Nf6 8. Qd3 g6 9. Be2 Bg7
10. Qb3 a5 11. a4 Qc7 12. Bc4 O-O 13. Ne5 e6 14. O-O b6 15. f4 $6 $15 {An
attacking move that helps White migrate heavy pieces towards Black's king. But
it doesn't work out, as White's pieces don't get to Black's king quickly
enough, and the weaknesses left behind, especially on e3 and f2, eventually
proves fatal.} Nd5 16. Qg3 Ba6 17. Bxa6 Rxa6 18. c4 {Temporarily kicking the
knight out of range of the weak e3 square, but like General Douglas MacArthur,
it will return.} Ne7 19. Ra3 Rd8 20. Rd3 Nf5 21. Qf2 c5 $1 22. dxc5 $2 ({
Black is better after} 22. d5 Raa8 {but only slightly}) 22... Rxd3 23. Nxd3 {
23...Bd4 is coming} 0-1

[Event "Oregon Closed Challengers"]
[Site "Portland, OR"]
[Date "2022.07.18"]
[Round "6"]
[White "Tang, Austin"]
[Black "Kodarapu, Ishaan"]
[Result "1-0"]
[WhiteElo "2053"]
[BlackElo "1895"]
[Annotator "Wilson Gibbins"]
[PlyCount "61"]
[EventDate "2022.07.15"]
[EventType "tourn"]
[EventRounds "8"]
[EventCountry "USA"]

{[%evp 0,61,38,30,56,39,53,42,22,20,14,18,22,-29,-10,-15,-8,-13,9,0,-8,-9,-8,4,
0,0,0,-45,-35,-35,-13,0,0,-7,7,31,31,28,31,13,13,18,71,94,163,185,209,190,216,
222,221,231,640,640,701,727,1222,1402,29995,29996,29997,29998,29999,-30000]} {
The key game in the Challengers section. These two players have faced each
other 14 times previously, so they both have a fairly good idea about what
might be coming. But as they had a week to prepare, one can assume they both
have made a few adjustments to their opening repertoire.} 1. e4 c5 2. Nf3 Nc6
3. d4 cxd4 4. Nxd4 e5 5. Nb5 d6 6. c4 Be7 7. N1c3 a6 8. Na3 f5 ({Ishaan played
} 8... Be6 {in round 3 of the 2022 OSCF Middle School Championship, with the
game ending in a draw.}) 9. exf5 Bxf5 10. Bd3 {Tony Rotella gives this an
exclam in his book "the killer Sicilian"} ({Austin played} 10. Nc2 {against
Ishaan in the 2021 Oregon Junior Closed, the game ending in a draw after 61
moves. Both moves seem equally playable, according to databases and engines.})
10... Be6 11. Nc2 Nf6 12. O-O O-O 13. Ne3 Nd4 14. b3 Rc8 15. Bb2 Qd7 16. Ncd5
Bd8 17. f4 Bxd5 18. cxd5 Bb6 {The engines' second choice, but it seems logical
and fun to intimidate White's king down the b6-g1 diagonal.} ({Stockfish and
Leela slightly prefer} 18... g6 {perhaps to allow Black to bypass White's
f-pawn without allow an en passant capture in lines such as} 19. f5 ({But
White still has a slight edge after} 19. fxe5 dxe5 20. Nc4 $14 {as} Qxd5 $6 {
loses the exchange after} 21. Ba3 Re8 $2 22. Nd6) 19... g5) 19. fxe5 $1 ({
Austin's move is stronger than immediately moving the king away from the
bishop's attack with} 19. Kh1 {and allowing} e4 20. Bxe4 Nxe4 21. Bxd4 Bxd4 22.
Qxd4 Rce8 {which looks like a clear pawn to me, but Stockfish says Black's
well placed knight gives him compensation.}) 19... dxe5 20. Kh1 $1 $16 g6 $2 (
20... Bc7 {avoids the ensuing problems because} 21. Nc4 {no longer attacks an
undefended bishop, so Black can calmly play} Qxd5) (20... Kh8 {is another
approach to the defense, getting Black's king off the dangerous c4-g8 diagonal
to make capturing Whites d-pawn with the Black's queen less risky.} 21. Nc4 Bc5
22. Nxe5 Qxd5) (20... Rce8 {avoids a knight fork on b6, and defends the e-pawn.
}) 21. Nc4 $1 Bc7 22. d6 Bxd6 (22... Bd8 23. Nxe5 Qxd6 24. Bc4+ Kg7 25. Qxd4) (
22... Bb8 23. Nb6 Qxd6 24. Nxc8) 23. Nb6 Qe7 24. Nxc8 Rxc8 25. Bc4+ Ne6 26.
Rxf6 Qxf6 27. Qxd6 Re8 28. Rf1 Qe7 29. Qxe5 Qf6 30. Qxf6 Re7 31. Qh8# 1-0